[Event "English Schools Championship Final 2024"]
[Site "Nottingham University Kings Meadow Campus, United Kingdom"]
[Date "2024.06.28"]
[Round "4.51"]
[White "Arlachova, Alexandra"]
[Black "Jeevananth, Thuvaragan"]
[Result "1/2-1/2"]
[TimeControl "G50' + 10\" per move."]
[WhiteFideId "473910"]
[WhiteElo "1703"]
[BlackElo "1780"]

1. c4 {[%clk 00:50:07]} {[%emt 00:00:12]} e5 {[%clk 00:50:15]} {[%emt
00:00:05]} 2. g3 {[%clk 00:50:13]} {[%emt 00:00:05]} Nc6 {[%clk 00:49:37]}
{[%emt 00:00:48]} 3. Bg2 {[%clk 00:49:59]} {[%emt 00:00:23]} Nf6 {[%clk
00:49:34]} {[%emt 00:00:13]} 4. Nf3 {[%clk 00:48:33]} {[%emt 00:01:36]} g6
{[%clk 00:49:37]} {[%emt 00:00:07]} 5. d3 {[%clk 00:47:19]} {[%emt 00:01:25]}
Bg7 {[%clk 00:49:38]} {[%emt 00:00:09]} 6. Nc3 {[%clk 00:46:26]} {[%emt
00:01:03]} O-O {[%clk 00:49:24]} {[%emt 00:00:23]} 7. O-O {[%clk 00:46:03]}
{[%emt 00:00:33]} d6 {[%clk 00:48:20]} {[%emt 00:01:14]} 8. Bg5 {[%clk
00:44:20]} {[%emt 00:01:53]} h6 {[%clk 00:46:17]} {[%emt 00:02:13]} 9. Bxf6
{[%clk 00:43:41]} {[%emt 00:00:49]} Bxf6 {[%clk 00:45:57]} {[%emt 00:00:29]} 10.
Qd2 {[%clk 00:43:21]} {[%emt 00:00:31]} Bg7 {[%clk 00:45:55]} {[%emt 00:00:12]}
11. Ne1 {[%clk 00:42:41]} {[%emt 00:00:50]} Kh7 {[%clk 00:45:35]} {[%emt
00:00:30]} 12. Rb1 {[%clk 00:40:55]} {[%emt 00:01:57]} a5 {[%clk 00:43:32]}
{[%emt 00:02:13]} 13. a3 {[%clk 00:40:43]} {[%emt 00:00:21]} f5 {[%clk
00:42:17]} {[%emt 00:01:25]} 14. e3 {[%clk 00:40:31]} {[%emt 00:00:22]} f4
{[%clk 00:40:36]} {[%emt 00:01:51]} 15. Nd5 {[%clk 00:38:24]} {[%emt 00:02:17]}
Ne7 {[%clk 00:39:12]} {[%emt 00:01:34]} 16. Nxe7 {[%clk 00:37:24]} {[%emt
00:01:09]} Qxe7 {[%clk 00:39:18]} {[%emt 00:00:05]} 17. Nf3 {[%clk 00:37:22]}
{[%emt 00:00:12]} c6 {[%clk 00:36:22]} {[%emt 00:03:05]} 18. Rfe1 {[%clk
00:36:02]} {[%emt 00:01:31]} fxg3 {[%clk 00:35:56]} {[%emt 00:00:36]} 19. fxg3
{[%clk 00:35:52]} {[%emt 00:00:19]} Bg4 {[%clk 00:35:23]} {[%emt 00:00:44]} 20.
Nh4 {[%clk 00:35:10]} {[%emt 00:00:52]} Qe6 {[%clk 00:32:44]} {[%emt 00:02:48]}
21. Rf1 {[%clk 00:34:50]} {[%emt 00:00:30]} Bh3 {[%clk 00:31:29]} {[%emt
00:01:26]} 22. Qc2 {[%clk 00:32:55]} {[%emt 00:02:06]} Bxg2 {[%clk 00:30:38]}
{[%emt 00:01:00]} 23. Qxg2 {[%clk 00:32:55]} {[%emt 00:00:09]} Rxf1+ {[%clk
00:30:12]} {[%emt 00:00:36]} 24. Rxf1 {[%clk 00:32:57]} {[%emt 00:00:08]} Rf8
{[%clk 00:30:16]} {[%emt 00:00:07]} 25. Rxf8 {[%clk 00:32:08]} {[%emt
00:00:59]} Bxf8 {[%clk 00:30:11]} {[%emt 00:00:14]} 26. Qd2 {[%clk 00:31:43]}
{[%emt 00:00:35]} b6 {[%clk 00:29:46]} {[%emt 00:00:36]} 27. b4 {[%clk
00:31:22]} {[%emt 00:00:31]} a4 {[%clk 00:29:04]} {[%emt 00:00:52]} 28. Qc2
{[%clk 00:30:56]} {[%emt 00:00:36]} b5 {[%clk 00:28:22]} {[%emt 00:00:52]} 29.
Kg2 {[%clk 00:28:16]} {[%emt 00:02:50]} Bg7 {[%clk 00:26:04]} {[%emt 00:02:27]}
30. Nf3 {[%clk 00:26:28]} {[%emt 00:01:59]} d5 {[%clk 00:25:35]} {[%emt
00:00:40]} 31. cxb5 {[%clk 00:24:34]} {[%emt 00:02:04]} cxb5 {[%clk 00:25:24]}
{[%emt 00:00:21]} 32. d4 {[%clk 00:24:36]} {[%emt 00:00:07]} exd4 {[%clk
00:24:11]} {[%emt 00:01:22]} 33. Nxd4 {[%clk 00:22:45]} {[%emt 00:02:02]} Qb6
{[%clk 00:24:08]} {[%emt 00:00:12]} 34. Qc5 {[%clk 00:22:36]} {[%emt 00:00:19]}
Bxd4 {[%clk 00:23:47]} {[%emt 00:00:33]} 35. exd4 {[%clk 00:22:34]} {[%emt
00:00:11]} Qb7 {[%clk 00:23:49]} {[%emt 00:00:07]} 1/2-1/2

[Event "English Schools Championship Final 2024"]
[Site "Nottingham University Kings Meadow Campus, United Kingdom"]
[Date "2024.06.28"]
[Round "4.52"]
[White "White-Bower, Conor"]
[Black "Stapleton, Dean"]
[Result "1/2-1/2"]
[TimeControl "G50' + 10\" per move."]
[WhiteElo "1587"]
[BlackElo "1625"]

1. d4 {[%clk 00:48:47]} {[%emt 00:01:33]} d5 {[%clk 00:49:55]} {[%emt
00:00:25]} 2. c4 {[%clk 00:48:47]} {[%emt 00:00:09]} e6 {[%clk 00:49:35]}
{[%emt 00:00:30]} 3. Nc3 {[%clk 00:48:43]} {[%emt 00:00:14]} Nf6 {[%clk
00:49:35]} {[%emt 00:00:10]} 4. a3 {[%clk 00:48:24]} {[%emt 00:00:29]} c5
{[%clk 00:48:53]} {[%emt 00:00:53]} 5. Bf4 {[%clk 00:45:52]} {[%emt 00:02:41]}
Nc6 {[%clk 00:47:47]} {[%emt 00:01:16]} 6. e3 {[%clk 00:45:09]} {[%emt
00:00:53]} Qb6 {[%clk 00:46:46]} {[%emt 00:01:12]} 7. dxc5 {[%clk 00:40:41]}
{[%emt 00:04:37]} Qxb2 {[%clk 00:45:56]} {[%emt 00:01:00]} 8. Na4 {[%clk
00:40:24]} {[%emt 00:00:27]} Qxa1 {[%clk 00:40:58]} {[%emt 00:05:08]} 9. Qxa1
{[%clk 00:40:12]} {[%emt 00:00:22]} Be7 {[%clk 00:37:15]} {[%emt 00:03:53]} 10.
cxd5 {[%clk 00:39:45]} {[%emt 00:00:37]} exd5 {[%clk 00:36:46]} {[%emt
00:00:40]} 11. Nf3 {[%clk 00:39:36]} {[%emt 00:00:19]} O-O {[%clk 00:36:15]}
{[%emt 00:00:41]} 12. Be2 {[%clk 00:39:11]} {[%emt 00:00:35]} Bd7 {[%clk
00:35:37]} {[%emt 00:00:48]} 13. O-O {[%clk 00:37:40]} {[%emt 00:01:40]} Rac8
{[%clk 00:34:44]} {[%emt 00:01:03]} 14. Rc1 {[%clk 00:36:34]} {[%emt 00:01:16]}
Na5 {[%clk 00:34:23]} {[%emt 00:00:30]} 15. Qb2 {[%clk 00:30:58]} {[%emt
00:05:47]} Bxa4 {[%clk 00:32:46]} {[%emt 00:01:48]} 16. Qb4 {[%clk 00:30:13]}
{[%emt 00:00:54]} Nb3 {[%clk 00:31:53]} {[%emt 00:01:03]} 17. Rc3 {[%clk
00:25:25]} {[%emt 00:04:58]} Nxc5 {[%clk 00:30:45]} {[%emt 00:01:18]} 18. Qb1
{[%clk 00:19:53]} {[%emt 00:05:41]} Nfe4 {[%clk 00:29:22]} {[%emt 00:01:34]} 19.
Rxc5 {[%clk 00:15:32]} {[%emt 00:04:31]} Bxc5 {[%clk 00:27:59]} {[%emt
00:01:33]} 20. h3 {[%clk 00:15:01]} {[%emt 00:00:42]} Nc3 {[%clk 00:25:57]}
{[%emt 00:02:12]} 21. Qb2 {[%clk 00:12:41]} {[%emt 00:02:29]} Nxe2+ {[%clk
00:24:21]} {[%emt 00:01:47]} 22. Qxe2 {[%clk 00:12:36]} {[%emt 00:00:14]} b5
{[%clk 00:23:28]} {[%emt 00:01:04]} 23. Qb2 {[%clk 00:10:46]} {[%emt 00:02:00]}
Rfd8 {[%clk 00:21:35]} {[%emt 00:02:03]} 24. Nd4 {[%clk 00:08:47]} {[%emt
00:02:09]} Bf8 {[%clk 00:18:47]} {[%emt 00:02:58]} 25. Nf5 {[%clk 00:07:37]}
{[%emt 00:01:19]} Rc2 {[%clk 00:17:31]} {[%emt 00:01:26]} 26. Qd4 {[%clk
00:06:23]} {[%emt 00:01:24]} Rc4 {[%clk 00:15:28]} {[%emt 00:02:14]} 27. Qb2
{[%clk 00:05:00]} {[%emt 00:01:33]} f6 {[%clk 00:12:00]} {[%emt 00:03:37]} 28.
Kh2 {[%clk 00:04:00]} {[%emt 00:01:10]} Bc2 {[%clk 00:07:20]} {[%emt 00:04:51]}
29. Nh6+ {[%clk 00:03:37]} {[%emt 00:00:33]} gxh6 {[%clk 00:06:38]} {[%emt
00:00:52]} 30. Qxf6 {[%clk 00:03:45]} {[%emt 00:00:02]} Rd7 {[%clk 00:04:51]}
{[%emt 00:01:51]} 31. Qe6+ {[%clk 00:03:51]} {[%emt 00:00:09]} Rf7 {[%clk
00:04:56]} {[%emt 00:00:05]} 32. Qg4+ {[%clk 00:03:50]} {[%emt 00:00:11]} Rg7
{[%clk 00:04:46]} {[%emt 00:00:21]} 33. Qe6+ {[%clk 00:03:58]} {[%emt
00:00:02]} 1/2-1/2

[Event "English Schools Championship Final 2024"]
[Site "Nottingham University Kings Meadow Campus, United Kingdom"]
[Date "2024.06.28"]
[Round "4.53"]
[White "Bowden, James"]
[Black "Hill, Zac"]
[Result "1/2-1/2"]
[TimeControl "G50' + 10\" per move."]
[WhiteElo "1642"]
[BlackElo "1715"]

1. e4 {[%clk 00:50:19]} {[%emt 00:00:01]} e5 {[%clk 00:50:12]} {[%emt
00:00:08]} 2. Nf3 {[%clk 00:50:25]} {[%emt 00:00:04]} Nc6 {[%clk 00:50:08]}
{[%emt 00:00:14]} 3. Bc4 {[%clk 00:50:31]} {[%emt 00:00:03]} Bc5 {[%clk
00:50:05]} {[%emt 00:00:14]} 4. Nc3 {[%clk 00:50:34]} {[%emt 00:00:06]} d6
{[%clk 00:50:11]} {[%emt 00:00:04]} 5. d3 {[%clk 00:50:25]} {[%emt 00:00:20]}
Bg4 {[%clk 00:50:10]} {[%emt 00:00:11]} 6. Bxf7+ {[%clk 00:48:54]} {[%emt
00:01:40]} Kf8 {[%clk 00:49:38]} {[%emt 00:00:43]} 7. Bc4 {[%clk 00:45:05]}
{[%emt 00:03:59]} Nd4 {[%clk 00:49:29]} {[%emt 00:00:18]} 8. Nd5 {[%clk
00:43:51]} {[%emt 00:01:25]} Nf6 {[%clk 00:49:13]} {[%emt 00:00:26]} 9. c3
{[%clk 00:42:43]} {[%emt 00:01:18]} Nxf3+ {[%clk 00:48:10]} {[%emt 00:00:37]}
10. gxf3 {[%clk 00:42:44]} {[%emt 00:00:44]} Bd7 {[%clk 00:47:39]} {[%emt
00:00:39]} 11. Bg5 {[%clk 00:41:52]} {[%emt 00:01:04]} c6 {[%clk 00:46:35]}
{[%emt 00:01:14]} 12. Nxf6 {[%clk 00:41:23]} {[%emt 00:00:39]} gxf6 {[%clk
00:46:00]} {[%emt 00:00:33]} 13. Bh6+ {[%clk 00:41:29]} {[%emt 00:00:17]} Ke8
{[%clk 00:44:39]} {[%emt 00:01:31]} 14. Bg7 {[%clk 00:41:08]} {[%emt 00:00:31]}
Ke7 {[%clk 00:44:06]} {[%emt 00:00:42]} 15. Bxh8 {[%clk 00:40:38]} {[%emt
00:00:40]} Qxh8 {[%clk 00:44:06]} {[%emt 00:00:10]} 16. Rg1 {[%clk 00:39:01]}
{[%emt 00:01:48]} h5 {[%clk 00:42:34]} {[%emt 00:01:42]} 17. Qb3 {[%clk
00:37:48]} {[%emt 00:01:23]} b5 {[%clk 00:40:56]} {[%emt 00:01:48]} 18. Rg8
{[%clk 00:35:13]} {[%emt 00:02:45]} Rxg8 {[%clk 00:40:44]} {[%emt 00:00:21]} 19.
Bxg8 {[%clk 00:35:21]} {[%emt 00:00:02]} Qg7 {[%clk 00:40:38]} {[%emt
00:00:17]} 20. Ke2 {[%clk 00:31:49]} {[%emt 00:03:42]} a5 {[%clk 00:39:21]}
{[%emt 00:01:26]} 21. Rd1 {[%clk 00:30:29]} {[%emt 00:01:30]} a4 {[%clk
00:38:46]} {[%emt 00:00:46]} 22. Qf7+ {[%clk 00:26:56]} {[%emt 00:03:42]} Qxf7
{[%emt 00:00:24]} 23. Bxf7 {[%emt 00:00:02]} Kxf7 {[%clk 00:38:09]} {[%emt
00:00:14]} 24. a3 {[%clk 00:25:30]} {[%emt 00:01:44]} Bh3 {[%clk 00:37:53]}
{[%emt 00:00:23]} 25. Rg1 {[%clk 00:24:45]} {[%emt 00:00:57]} h4 {[%clk
00:37:38]} {[%emt 00:00:25]} 26. Ke1 {[%clk 00:22:55]} {[%emt 00:02:00]} Bb6
{[%clk 00:36:59]} {[%emt 00:00:49]} 1/2-1/2

[Event "English Schools Championship Final 2024"]
[Site "Nottingham University Kings Meadow Campus, United Kingdom"]
[Date "2024.06.28"]
[Round "4.54"]
[White "Wilson, Noah"]
[Black "Wastell, William"]
[Result "1/2-1/2"]
[TimeControl "G50' + 10\" per move."]
[WhiteElo "1359"]
[BlackElo "1564"]

1. e4 {[%clk 00:49:47]} {[%emt 00:00:03]} e5 {[%clk 00:50:07]} {[%emt
00:00:43]} 2. Nf3 {[%clk 00:49:54]} {[%emt 00:00:03]} Nc6 {[%clk 00:49:51]}
{[%emt 00:00:26]} 3. Bb5 {[%clk 00:49:50]} {[%emt 00:00:14]} a6 {[%clk
00:48:57]} {[%emt 00:01:05]} 4. Ba4 {[%clk 00:49:39]} {[%emt 00:00:21]} Nf6
{[%clk 00:47:46]} {[%emt 00:01:20]} 5. O-O {[%clk 00:49:29]} {[%emt 00:00:17]}
Bc5 {[%clk 00:44:10]} {[%emt 00:03:40]} 6. Re1 {[%clk 00:47:53]} {[%emt
00:01:56]} d6 {[%clk 00:44:02]} {[%emt 00:00:18]} 7. c3 {[%clk 00:47:28]}
{[%emt 00:00:34]} b5 {[%clk 00:41:49]} {[%emt 00:02:23]} 8. Bb3 {[%clk
00:46:46]} {[%emt 00:00:53]} Bg4 {[%clk 00:41:03]} {[%emt 00:00:55]} 9. h3
{[%clk 00:45:56]} {[%emt 00:01:00]} Bh5 {[%clk 00:41:06]} {[%emt 00:00:08]} 10.
d3 {[%clk 00:44:56]} {[%emt 00:01:09]} O-O {[%clk 00:40:04]} {[%emt 00:01:12]}
11. Bg5 {[%clk 00:43:35]} {[%emt 00:01:31]} h6 {[%clk 00:39:03]} {[%emt
00:01:12]} 12. Bh4 {[%clk 00:43:32]} {[%emt 00:00:13]} Qe7 {[%clk 00:35:28]}
{[%emt 00:03:45]} 13. Nbd2 {[%clk 00:42:12]} {[%emt 00:01:29]} Rfd8 {[%clk
00:34:55]} {[%emt 00:00:42]} 14. Qc2 {[%clk 00:40:18]} {[%emt 00:02:05]} a5
{[%clk 00:34:26]} {[%emt 00:00:39]} 15. a3 {[%clk 00:39:00]} {[%emt 00:01:29]}
g5 {[%clk 00:30:39]} {[%emt 00:03:57]} 16. Bg3 {[%clk 00:37:27]} {[%emt
00:01:42]} Qd7 {[%clk 00:30:21]} {[%emt 00:00:28]} 17. c4 {[%clk 00:35:26]}
{[%emt 00:02:11]} Nd4 {[%clk 00:27:50]} {[%emt 00:02:42]} 18. Nxd4 {[%clk
00:34:06]} {[%emt 00:01:21]} Bxd4 {[%clk 00:27:46]} {[%emt 00:00:13]} 19. cxb5
{[%clk 00:33:07]} {[%emt 00:01:18]} Qxb5 {[%clk 00:24:53]} {[%emt 00:03:00]} 20.
Qc4 {[%clk 00:31:19]} {[%emt 00:02:01]} Qxc4 {[%clk 00:24:20]} {[%emt
00:00:41]} 21. Nxc4 {[%clk 00:31:14]} {[%emt 00:00:17]} Rdb8 {[%clk 00:22:54]}
{[%emt 00:01:36]} 22. Bd1 {[%clk 00:29:12]} {[%emt 00:02:13]} Bxd1 {[%clk
00:22:25]} {[%emt 00:00:34]} 23. Rexd1 {[%clk 00:28:27]} {[%emt 00:00:59]} Bxb2
{[%clk 00:22:06]} {[%emt 00:00:27]} 24. Nxb2 {[%clk 00:28:26]} {[%emt
00:00:13]} Rxb2 {[%clk 00:21:55]} {[%emt 00:00:20]} 25. d4 {[%clk 00:26:25]}
{[%emt 00:02:12]} Nxe4 {[%clk 00:16:54]} {[%emt 00:05:10]} 26. dxe5 {[%clk
00:25:18]} {[%emt 00:01:19]} dxe5 {[%clk 00:16:19]} {[%emt 00:00:43]} 27. Bxe5
{[%clk 00:23:53]} {[%emt 00:01:36]} Rxf2 {[%clk 00:13:54]} {[%emt 00:02:34]} 28.
Bxc7 {[%clk 00:23:39]} {[%emt 00:00:26]} Rc2 {[%clk 00:13:30]} {[%emt
00:00:32]} 29. Rac1 {[%clk 00:22:32]} {[%emt 00:01:18]} Rxc1 {[%clk 00:13:14]}
{[%emt 00:00:25]} 30. Rxc1 {[%clk 00:22:34]} {[%emt 00:00:09]} Rc8 {[%clk
00:13:14]} {[%emt 00:00:10]} 31. Re1 {[%clk 00:21:53]} {[%emt 00:00:51]} Rxc7
{[%clk 00:11:49]} {[%emt 00:01:33]} 32. Rxe4 {[%clk 00:21:52]} {[%emt
00:00:13]} Rc3 {[%clk 00:11:40]} {[%emt 00:00:20]} 33. Ra4 {[%clk 00:19:54]}
{[%emt 00:02:08]} Rc5 {[%clk 00:11:30]} {[%emt 00:00:19]} 34. Kf2 {[%clk
00:19:34]} {[%emt 00:00:31]} Kg7 {[%clk 00:09:22]} {[%emt 00:02:17]} 35. Kf3
{[%clk 00:18:08]} {[%emt 00:01:37]} Kg6 {[%clk 00:09:05]} {[%emt 00:00:27]} 36.
g4 {[%clk 00:16:47]} {[%emt 00:01:31]} h5 {[%clk 00:07:16]} {[%emt 00:01:59]}
37. Rd4 {[%clk 00:15:34]} {[%emt 00:01:23]} Rc3+ {[%clk 00:05:41]} {[%emt
00:01:45]} 38. Kg2 {[%clk 00:15:09]} {[%emt 00:00:35]} hxg4 {[%clk 00:05:09]}
{[%emt 00:00:40]} 39. Rxg4 {[%clk 00:14:42]} {[%emt 00:00:39]} Rxa3 {[%clk
00:05:01]} {[%emt 00:00:16]} 40. h4 {[%clk 00:14:42]} {[%emt 00:00:12]} f6
{[%clk 00:05:05]} {[%emt 00:00:06]} 41. hxg5 {[%clk 00:14:24]} {[%emt
00:00:28]} fxg5 {[%clk 00:05:11]} {[%emt 00:00:02]} 42. Rc4 {[%clk 00:14:11]}
{[%emt 00:00:25]} a4 {[%clk 00:04:42]} {[%emt 00:00:39]} 43. Rc5 {[%clk
00:14:00]} {[%emt 00:00:20]} g4 {[%clk 00:03:42]} {[%emt 00:01:10]} 44. Rb5
{[%clk 00:13:46]} {[%emt 00:00:24]} Rf3 {[%clk 00:03:35]} {[%emt 00:00:17]} 45.
Ra5 {[%clk 00:13:15]} {[%emt 00:00:41]} Rf4 {[%clk 00:03:22]} {[%emt 00:00:23]}
46. Kg3 {[%clk 00:12:54]} {[%emt 00:00:06]} 1/2-1/2

[Event "English Schools Championship Final 2024"]
[Site "Nottingham University Kings Meadow Campus, United Kingdom"]
[Date "2024.06.28"]
[Round "4.55"]
[White "Terim, Bartu"]
[Black "Vaddhireddy, Sai"]
[Result "1-0"]
[TimeControl "G50' + 10\" per move."]
[WhiteFideId "51615614"]
[BlackFideId "499560"]
[WhiteElo "1915"]
[BlackElo "1896"]

1. d4 {[%clk 00:50:11]} {[%emt 00:00:08]} d5 {[%clk 00:50:14]} {[%emt
00:00:05]} 2. Bf4 {[%clk 00:50:15]} {[%emt 00:00:07]} c5 {[%clk 00:50:20]}
{[%emt 00:00:04]} 3. e3 {[%clk 00:50:21]} {[%emt 00:00:03]} Nc6 {[%clk
00:50:28]} {[%emt 00:00:03]} 4. Nf3 {[%clk 00:50:18]} {[%emt 00:00:13]} Bg4
{[%clk 00:50:07]} {[%emt 00:00:31]} 5. c3 {[%clk 00:49:26]} {[%emt 00:01:02]}
e6 {[%clk 00:49:58]} {[%emt 00:00:19]} 6. Nbd2 {[%clk 00:49:24]} {[%emt
00:00:12]} Nf6 {[%clk 00:50:02]} {[%emt 00:00:06]} 7. h3 {[%clk 00:49:28]}
{[%emt 00:00:06]} Bh5 {[%clk 00:50:06]} {[%emt 00:00:05]} 8. Bd3 {[%clk
00:49:29]} {[%emt 00:00:11]} Be7 {[%clk 00:48:55]} {[%emt 00:01:19]} 9. O-O
{[%clk 00:49:10]} {[%emt 00:00:30]} Bg6 {[%clk 00:48:59]} {[%emt 00:00:06]} 10.
Qe2 {[%clk 00:48:24]} {[%emt 00:00:56]} O-O {[%clk 00:48:55]} {[%emt 00:00:14]}
11. Bxg6 {[%clk 00:48:17]} {[%emt 00:00:17]} hxg6 {[%clk 00:48:59]} {[%emt
00:00:06]} 12. Ne5 {[%clk 00:48:16]} {[%emt 00:00:11]} Rc8 {[%clk 00:46:58]}
{[%emt 00:02:12]} 13. Rfd1 {[%clk 00:47:25]} {[%emt 00:01:01]} Nxe5 {[%clk
00:44:08]} {[%emt 00:02:59]} 14. dxe5 {[%clk 00:47:07]} {[%emt 00:00:28]} Nd7
{[%clk 00:43:43]} {[%emt 00:00:35]} 15. e4 {[%clk 00:46:28]} {[%emt 00:00:50]}
Nb6 {[%clk 00:40:43]} {[%emt 00:03:09]} 16. a4 {[%clk 00:45:06]} {[%emt
00:01:32]} Bg5 {[%clk 00:39:38]} {[%emt 00:01:15]} 17. Be3 {[%clk 00:39:36]}
{[%emt 00:05:41]} Bxe3 {[%clk 00:39:17]} {[%emt 00:00:31]} 18. Qxe3 {[%clk
00:39:33]} {[%emt 00:00:12]} Qe7 {[%clk 00:38:17]} {[%emt 00:01:09]} 19. a5
{[%clk 00:39:05]} {[%emt 00:00:39]} Nd7 {[%clk 00:37:29]} {[%emt 00:00:57]} 20.
exd5 {[%clk 00:38:37]} {[%emt 00:00:38]} exd5 {[%clk 00:37:12]} {[%emt
00:00:27]} 21. f4 {[%clk 00:38:42]} {[%emt 00:00:05]} Rfd8 {[%clk 00:36:13]}
{[%emt 00:01:10]} 22. c4 {[%clk 00:37:41]} {[%emt 00:01:11]} d4 {[%clk
00:32:37]} {[%emt 00:03:46]} 23. Qf3 {[%clk 00:37:41]} {[%emt 00:00:10]} Nb8
{[%clk 00:32:28]} {[%emt 00:00:20]} 24. Ne4 {[%clk 00:37:29]} {[%emt 00:00:21]}
Nc6 {[%clk 00:31:11]} {[%emt 00:01:27]} 25. Nd6 {[%clk 00:37:22]} {[%emt
00:00:18]} Rxd6 {[%clk 00:30:35]} {[%emt 00:00:45]} 26. exd6 {[%clk 00:37:27]}
{[%emt 00:00:05]} Qxd6 {[%clk 00:30:42]} {[%emt 00:00:03]} 27. a6 {[%clk
00:36:05]} {[%emt 00:01:32]} b6 {[%clk 00:30:44]} {[%emt 00:00:08]} 28. Re1
{[%clk 00:36:09]} {[%emt 00:00:07]} Nb4 {[%clk 00:30:33]} {[%emt 00:00:20]} 29.
Re5 {[%clk 00:35:36]} {[%emt 00:00:43]} Rd8 {[%clk 00:29:43]} {[%emt 00:01:01]}
30. Rae1 {[%clk 00:34:50]} {[%emt 00:00:55]} d3 {[%clk 00:27:12]} {[%emt
00:02:42]} 31. Re8+ {[%clk 00:34:39]} {[%emt 00:00:22]} Kh7 {[%clk 00:26:19]}
{[%emt 00:01:02]} 32. Rxd8 {[%clk 00:32:49]} {[%emt 00:02:00]} Qxd8 {[%clk
00:26:25]} {[%emt 00:00:04]} 33. b3 {[%clk 00:31:06]} {[%emt 00:01:54]} Qd4+
{[%clk 00:24:35]} {[%emt 00:01:59]} 34. Qf2 {[%clk 00:30:51]} {[%emt 00:00:25]}
Qf6 {[%clk 00:22:00]} {[%emt 00:02:45]} 35. g4 {[%clk 00:29:35]} {[%emt
00:01:25]} Nc2 {[%clk 00:19:59]} {[%emt 00:02:12]} 36. g5 {[%clk 00:28:22]}
{[%emt 00:01:23]} Qd4 {[%clk 00:20:04]} {[%emt 00:00:04]} 37. Qxd4 {[%clk
00:28:22]} {[%emt 00:00:11]} Nxd4 {[%clk 00:20:10]} {[%emt 00:00:04]} 38. Kf2
{[%clk 00:28:07]} {[%emt 00:00:24]} Nxb3 {[%clk 00:18:33]} {[%emt 00:01:48]} 39.
Ke3 {[%clk 00:27:45]} {[%emt 00:00:31]} d2 {[%clk 00:18:37]} {[%emt 00:00:07]}
40. Rb1 {[%clk 00:27:48]} {[%emt 00:00:07]} Kg8 {[%clk 00:17:12]} {[%emt
00:01:35]} 41. Ke2 {[%clk 00:27:40]} {[%emt 00:00:16]} Na5 {[%clk 00:17:16]}
{[%emt 00:00:08]} 42. Rxb6 {[%clk 00:26:42]} {[%emt 00:01:08]} Nxc4 {[%clk
00:16:41]} {[%emt 00:00:45]} 43. Rb8+ {[%clk 00:26:49]} {[%emt 00:00:03]} Kh7
{[%clk 00:16:47]} {[%emt 00:00:04]} 44. Rb7 {[%clk 00:26:55]} {[%emt 00:00:05]}
Nd6 {[%clk 00:16:35]} {[%emt 00:00:21]} 45. Rxa7 {[%clk 00:26:58]} {[%emt
00:00:07]} Nb5 {[%clk 00:16:38]} {[%emt 00:00:07]} 46. Rb7 {[%clk 00:26:50]}
{[%emt 00:00:18]} Nd6 {[%clk 00:16:15]} {[%emt 00:00:33]} 47. Rd7 {[%clk
00:26:45]} {[%emt 00:00:15]} Kg8 {[%emt 00:00:22]} 48. Ke1 {[%emt 00:00:23]}
1-0